Verbrechen und Strafe in der spätmittelalterlichen Chronistik Nürnbergs
| 1. VerfasserIn: | |
|---|---|
| Medienart: | Druck Buch |
| Sprache: | Deutsch |
| Veröffentlicht: |
Köln Weimar Wien
Böhlau
1996
|
| In: |
Konflikt, Verbrechen und Sanktion in der Gesellschaft Alteuropas (1)
Jahr: 1996 |
| Online-Zugang: |
Inhaltsverzeichnis |
| Bestand in Tübingen: | In Tübingen vorhanden. UB: 37 A 8520 |
| Verfügbarkeit prüfen: | HBZ Gateway |
| Subito Bestelldienst: | Jetzt bestellen. |
| Schlagwörter: |
MARC
| LEADER | 00000cam a2200000 c 4500 | ||
|---|---|---|---|
| 001 | 216883539 | ||
| 003 | DE-627 | ||
| 005 | 20260206200046.0 | ||
| 007 | tu | ||
| 008 | 961102s1996 gw ||||| m 00| ||ger c | ||
| 015 | |a 96,N46,0633 |2 dnb | ||
| 015 | |a 97,H06,0390 |2 dnb | ||
| 016 | 7 | |a 948889845 |2 DE-101 | |
| 020 | |a 3412121967 |c (brosch.) : ca. DM 78.00 |9 3-412-12196-7 | ||
| 035 | |a (DE-627)216883539 | ||
| 035 | |a (DE-603)05166710X | ||
| 035 | |a (DE-576)055502393 | ||
| 035 | |a (DE-599)DNB948889845 | ||
| 035 | |a (OCoLC)845300737 | ||
| 035 | |a (OCoLC)37379977 | ||
| 040 | |a DE-627 |b ger |c DE-627 |e rakwb | ||
| 041 | |a ger | ||
| 044 | |c XA-DE |c XA-AT |c XA-DE-NW |c XA-DE-BY | ||
| 050 | 0 | |a KKC8968.4.A7 | |
| 082 | 0 | |a 364/.9143324/09024 | |
| 082 | 0 | |a 364.943/324/09024 | |
| 082 | 0 | |a 364.94332409024 | |
| 082 | 0 | |a 364.914332409024 |q LoC |2 DDC21oclc | |
| 084 | |a 19 |2 sdnb | ||
| 084 | |a 19 |a 63 |a 64 |2 sdnb | ||
| 084 | |a PW 8710 |2 rvk |0 (DE-625)rvk/140974: | ||
| 084 | |a NT 6002 |2 rvk |0 (DE-625)rvk/131071: | ||
| 084 | |a NS 3020 |2 rvk |0 (DE-625)rvk/130666: | ||
| 084 | |a NZ 96786 |2 rvk |0 (DE-625)rvk/134946: | ||
| 084 | |a 15.56 |2 bkl | ||
| 084 | |a 86.09 |2 bkl | ||
| 100 | 1 | |8 1\p |a Martin, Helmut |d 1940-1999 |0 (DE-588)119050730 |0 (DE-627)06197160X |0 (DE-576)162144407 |4 aut | |
| 109 | |a Martin, Helmut 1940-1999 |a Ma, Han-mao 1940-1999 |a Ma Huamao 1940-1999 |a Ma Han-mou 1940-1999 |a Ma, Huamao 1940-1999 |a Ma, Hanmao 1940-1999 |a Ma, Han-mou 1940-1999 |a Ma han mao 1940-1999 |a 馬漢茂 1940-1999 | ||
| 245 | 1 | 0 | |a Verbrechen und Strafe in der spätmittelalterlichen Chronistik Nürnbergs |c Helmut Martin |
| 246 | 3 | 0 | |a spiegel |
| 263 | |a brosch. : ca. DM 78.00 | ||
| 264 | 1 | |a Köln |a Weimar |a Wien |b Böhlau |c 1996 | |
| 300 | |a 293 S. |b graph. Darst. |c 23 cm | ||
| 336 | |a Text |b txt |2 rdacontent | ||
| 337 | |a ohne Hilfsmittel zu benutzen |b n |2 rdamedia | ||
| 338 | |a Band |b nc |2 rdacarrier | ||
| 490 | 1 | |a Konflikt, Verbrechen und Sanktion in der Gesellschaft Alteuropas |a Fallstudien |v 1 | |
| 500 | |a Literaturverz. S. 269 - 293 | ||
| 502 | |a Zugl.: Würzburg, Univ., Diss., 1995 u.d.T.: Martin, Helmut: Verbrechen und Strafe im Spiegel der spätmittelalterlichen Chronistik Nürnbergs | ||
| 583 | 1 | |a Archivierung/Langzeitarchivierung gewährleistet |f SSG |x XA-DE-BW |2 pdager |5 DE-21 | |
| 648 | 7 | |a Geschichte 1300-1500 |2 gnd | |
| 648 | 4 | |a Geschichte 1300-1500 | |
| 650 | 0 | |a Criminal justice, Administration of |x History |x Germany |x Nuremburg | |
| 650 | 0 | |a Crime |x History |x Germany |x Nuremberg | |
| 650 | 4 | |a Nürnberg |7 (dpeaa)DE-2491 | |
| 650 | 4 | |a Kriminalität |7 (dpeaa)DE-2491 | |
| 650 | 4 | |a Sozialstruktur |7 (dpeaa)DE-2491 | |
| 650 | 4 | |a Strafrecht |7 (dpeaa)DE-2491 | |
| 650 | 4 | |a Chronistik |7 (dpeaa)DE-2491 | |
| 651 | 0 | |a Nuremberg (Germany) |x Social conditions | |
| 655 | 7 | |a Hochschulschrift |0 (DE-588)4113937-9 |0 (DE-627)105825778 |0 (DE-576)209480580 |2 gnd-content | |
| 689 | 0 | 0 | |d g |0 (DE-588)4042742-0 |0 (DE-627)106212834 |0 (DE-576)209052325 |a Nürnberg |2 gnd |
| 689 | 0 | 1 | |d s |0 (DE-588)4121733-0 |0 (DE-627)104544449 |0 (DE-576)209545712 |a Strafrechtspflege |2 gnd |
| 689 | 0 | 2 | |a z |2 gnd |a Geschichte 1300-1500 |
| 689 | 0 | |5 DE-101 | |
| 689 | 1 | 0 | |d s |0 (DE-588)4033178-7 |0 (DE-627)10458503X |0 (DE-576)209000511 |a Kriminalität |2 gnd |
| 689 | 1 | 1 | |d s |0 (DE-588)4055898-8 |0 (DE-627)106156489 |0 (DE-576)209115831 |a Sozialstruktur |2 gnd |
| 689 | 1 | |5 DE-101 | |
| 751 | |a Würzburg |0 (DE-588)4067037-5 |0 (DE-627)10611073X |0 (DE-576)209167939 |4 uvp | ||
| 830 | 0 | |a Konflikt, Verbrechen und Sanktion in der Gesellschaft Alteuropas |p Fallstudien |v 1 |9 1 |w (DE-627)243325193 |w (DE-576)078237823 |w (DE-600)1424873-6 |x 2748-419X |7 am | |
| 856 | 4 | 2 | |u http://scans.hebis.de/HEBCGI/show.pl?05166710_toc.pdf |m V:DE-604 |q application/pdf |3 Inhaltsverzeichnis |7 1 |
| 883 | |8 1\p |a cgwrk |d 20241001 |q DE-101 |u https://d-nb.info/provenance/plan#cgwrk | ||
| 935 | |a mkri | ||
| 935 | |i Blocktest | ||
| 935 | |h HEB |i 0501 | ||
| 935 | |h HEB |i 0503 | ||
| 936 | r | v | |a PW 8710 |b Reichsstadt Nürnberg |k Rechtswissenschaft |k Deutsche und ausländische Rechtsgeschichte |k Rechtsgeschichte der deutschen Länder |k Reichsstadt Nürnberg |0 (DE-627)1271784556 |0 (DE-625)rvk/140974: |0 (DE-576)201784556 |
| 936 | r | v | |a NT 6002 |b Einzelbeiträge zum Mittelalter |k Geschichte |k Allgemeine Rechts-, Verfassungs- und Verwaltungsgeschichte |k Darstellungen zur Rechts-, Verfassungs- und Verwaltungsgeschichte |k Einzelne Staaten und Völker |k Europa |k Deutsche Rechtsgeschichte |k Einzelbeiträge zum Mittelalter |0 (DE-627)1271538598 |0 (DE-625)rvk/131071: |0 (DE-576)201538598 |
| 936 | r | v | |a NS 3020 |b Nürnberg |k Geschichte |k Bayerische Landesgeschichte |k Allgemeines |k Teilgebiete der Bayerischen Landesgeschichte |k Städte, Märkte, Orte |k Einzelne Städte, Märkte, Orte |k Einzelne N |k Nürnberg |0 (DE-627)1271484730 |0 (DE-625)rvk/130666: |0 (DE-576)201484730 |
| 936 | r | v | |a NZ 96786 |b Recht, Verwaltung, Parteien, Militär |k Geschichte |k Regionale Landeskunde |k Fränkische Landeskunde |k Einzelne Orte |k Nürnberg |k Recht, Verwaltung, Parteien, Militär |0 (DE-627)1399042866 |0 (DE-625)rvk/134946: |0 (DE-576)329042866 |
| 936 | b | k | |a 15.56 |j Bayern |x Geschichte |0 (DE-627)181571625 |
| 936 | b | k | |a 86.09 |j Rechtsgeschichte |0 (DE-627)106413481 |
| 936 | s | n | |a n100 |2 mzub |
| 936 | s | n | |a m200 |2 mzub |
| 936 | s | n | |a p100 |2 mzub |
| 951 | |a BO | ||
| ELC | |b 1 | ||
| LOK | |0 000 xxxxxcx a22 zn 4500 | ||
| LOK | |0 001 3154482415 | ||
| LOK | |0 003 DE-627 | ||
| LOK | |0 004 216883539 | ||
| LOK | |0 005 20020612000000 | ||
| LOK | |0 008 970526||||||||||||||||ger||||||| | ||
| LOK | |0 040 |a DE-21 |c DE-627 |d DE-21 | ||
| LOK | |0 852 |a DE-21 | ||
| LOK | |0 852 1 |c 37 A 8520 |9 00 | ||
| LOK | |0 938 |l 33 |8 2 | ||
| LOK | |0 939 |a 26-05-97 |b l01 | ||
| LOK | |0 000 xxxxxcx a22 zn 4500 | ||
| LOK | |0 001 3154482504 | ||
| LOK | |0 003 DE-627 | ||
| LOK | |0 004 216883539 | ||
| LOK | |0 005 20071120144454 | ||
| LOK | |0 008 050824||||||||||||||||ger||||||| | ||
| LOK | |0 040 |a DE-21-32b |c DE-627 |d DE-21-32b | ||
| LOK | |0 541 |e 97/60 | ||
| LOK | |0 852 |a DE-21-32b | ||
| LOK | |0 852 1 |c Hl 24 |m p |9 00 | ||
| LOK | |0 935 |a k32b |a kneu | ||
| LOK | |0 938 |k p | ||
| LOK | |0 939 |a 24-08-05 |b l01 | ||
| LOK | |0 000 xxxxxcx a22 zn 4500 | ||
| LOK | |0 001 3154483527 | ||
| LOK | |0 003 DE-627 | ||
| LOK | |0 004 216883539 | ||
| LOK | |0 005 19970314000000 | ||
| LOK | |0 008 961204||||||||||||||||ger||||||| | ||
| LOK | |0 040 |a DE-Frei85 |c DE-627 |d DE-Frei85 | ||
| LOK | |0 852 |a DE-Frei85 | ||
| LOK | |0 852 1 |m p |9 00 | ||
| LOK | |0 938 |k p | ||
| LOK | |0 939 |a 04-12-96 |b l01 | ||
| ORI | |a SA-MARC-krimdoka001.raw | ||
| SIG | |a UB: 37 A 8520 | ||
| TIM | |a 100013000101_100015001231 |b Geschichte 1300-1500 | ||
